[Event "OLNW 2122 SVG Salzgitter - Delmenhorste"]
[Site "?"]
[Date "2021.11.21"]
[Round "3.2"]
[White "Lau, Udo"]
[Black "Pahl, Theis"]
[Result "0-1"]
[WhiteElo "2142"]
[BlackElo "2191"]
[PlyCount "50"]
[EventDate "2021.??.??"]

1. c4 e5 2. g3 d5 3. cxd5 Qxd5 4. Nf3 Nf6 5. Nc3 Qa5 6. Bg2 Nc6 7. O-O e4 8.
Ne1 Bf5 9. Nc2 O-O-O 10. Ne3 Bg6 11. a3 Be7 12. Rb1 Kb8 13. b4 Qh5 14. Qa4 Nd4
15. Re1 Ng4 16. Nxg4 Qxg4 17. h3 Qe6 18. Bb2 h5 19. d3 h4 20. Nxe4 Bxe4 21.
dxe4 hxg3 22. fxg3 Bf6 23. e3 Nf3+ 24. Bxf3 Rd2 25. Bxf6 Qxh3 0-1

[Event "OLNW 2122 SVG Salzgitter - Delmenhorste"]
[Site "?"]
[Date "2021.11.21"]
[Round "3.4"]
[White "Lau, Siegfried"]
[Black "Margraf, Daniel"]
[Result "0-1"]
[WhiteElo "1982"]
[BlackElo "2251"]
[PlyCount "76"]
[EventDate "2021.??.??"]

1. d4 Nf6 2. c4 e6 3. Nc3 Bb4 4. Bd2 d5 5. e3 O-O 6. a3 Be7 7. Qc2 b6 8. cxd5
exd5 9. Nf3 c5 10. Bd3 Ba6 11. O-O Bxd3 12. Qxd3 Nc6 13. Rfd1 c4 14. Qc2 Na5
15. Rab1 Nb3 16. Be1 Rb8 17. e4 b5 18. exd5 Nxd5 19. Qf5 Nxc3 20. Bxc3 Bf6 21.
Ne5 Qd5 22. g4 Rfd8 23. g5 Be7 24. Re1 Bf8 25. Re4 Rb6 26. Rbe1 a5 27. Rh4 g6
28. Qh3 h5 29. Ree4 b4 30. axb4 axb4 31. Be1 Bg7 32. Rhf4 Re8 33. Qe3 Re7 34.
Qe2 Rc7 35. Nf3 c3 36. bxc3 bxc3 37. Re8+ Kh7 38. Bxc3 Rxc3 0-1

[Event "OLNW 2122 SVG Salzgitter - Delmenhorste"]
[Site "?"]
[Date "2021.11.21"]
[Round "3.5"]
[White "Sturm, Tobias"]
[Black "Koenig, Sebastian"]
[Result "0-1"]
[WhiteElo "2011"]
[BlackElo "2046"]
[PlyCount "52"]
[EventDate "2021.??.??"]

1. e4 c5 2. c3 d6 3. d4 Nf6 4. Bd3 g6 5. Nf3 Bg7 6. O-O O-O 7. h3 Nc6 8. Be3
cxd4 9. Nxd4 e5 10. Nf3 d5 11. Nbd2 Qc7 12. Qc2 h6 13. Bc5 Rd8 14. Rad1 Be6 15.
b3 Rac8 16. c4 dxc4 17. Nxc4 b5 18. Ne3 Qa5 19. Qe2 b4 20. Rc1 Nh5 21. Ba6 Rb8
22. Bc4 Nf4 23. Qb2 Nd4 24. Nxd4 exd4 25. Nd1 d3 26. Qd2 Ne2+ 0-1

[Event "OLNW 2122 SVG Salzgitter - Delmenhorste"]
[Site "?"]
[Date "2021.11.21"]
[Round "3.6"]
[White "Othmer, Michael"]
[Black "Grebener, Soeren"]
[Result "1/2-1/2"]
[WhiteElo "1977"]
[BlackElo "2006"]
[PlyCount "162"]
[EventDate "2021.??.??"]

1. c4 c6 2. Nf3 d5 3. g3 Nf6 4. Bg2 g6 5. b3 Bg7 6. Bb2 O-O 7. O-O Re8 8. d4
Nbd7 9. Nc3 dxc4 10. bxc4 c5 11. d5 Nb6 12. Qb3 e6 13. e4 exd5 14. exd5 Bf5 15.
Rad1 Ne4 16. Nxe4 Bxe4 17. Bxg7 Kxg7 18. Rfe1 Qf6 19. Re3 Re7 20. d6 Re6 21.
Ng5 Qxg5 22. Rxe4 Rxe4 23. Bxe4 Rb8 24. Qc3+ Qf6 25. Qa5 Nxc4 26. Qxc5 Nb6 27.
Qc7 Qd8 28. Qc3+ Qf6 29. Qa5 Rd8 30. Qxa7 Nc8 31. Qd4 Qxd4 32. Rxd4 Nxd6 33. f4
Kf6 34. Bf3 Ke7 35. Rb4 Rd7 36. Ra4 Rc7 37. Kf2 Rc2+ 38. Kg1 Rb2 39. g4 Ke6 40.
Rd4 Ke7 41. Bd5 b6 42. Bb3 Re2 43. Rb4 b5 44. Bd5 Rd2 45. Bb3 Kd7 46. f5 g5 47.
a4 bxa4 48. Rxa4 Ke7 49. Ra7+ Kf6 50. Rd7 Ke5 51. Bxf7 Kf4 52. Bb3 Kxg4 53. f6
Rb2 54. Be6+ Kf3 55. Bd5+ Ne4 56. Rb7 Rg2+ 57. Kh1 Re2 58. Rb1 Kg4 59. f7 Nf2+
60. Kg1 Nh3+ 61. Kf1 Rf2+ 62. Ke1 Rf6 63. Rb8 Nf4 64. f8=Q Rxf8 65. Rxf8 Nxd5
66. Kf2 Nf4 67. Re8 h5 68. Rg8 Nd3+ 69. Kg1 Kh4 70. Rg7 g4 71. Ra7 Ne5 72. Ra3
Nc4 73. Rc3 Nd2 74. Kg2 Ne4 75. Ra3 Ng5 76. Rb3 Ne6 77. Ra3 Nf4+ 78. Kf2 Nh3+
79. Kg2 Nf4+ 80. Kf2 Nh3+ 81. Kg2 Nf4+ 1/2-1/2

[Event "OLNW 2122 SVG Salzgitter - Delmenhorste"]
[Site "?"]
[Date "2021.11.21"]
[Round "3.7"]
[White "Meyer, Thorsten"]
[Black "Hesse, Juergen"]
[Result "1-0"]
[WhiteElo "1949"]
[BlackElo "1874"]
[PlyCount "57"]
[EventDate "2021.??.??"]

1. e4 e5 2. Nf3 Nc6 3. Bc4 Nf6 4. d3 Be7 5. O-O d6 6. Be3 O-O 7. Nc3 Na5 8. Bb3
Nxb3 9. axb3 a6 10. h3 Bd7 11. d4 exd4 12. Qxd4 Bc6 13. Rad1 b5 14. Bf4 Qc8 15.
Rfe1 Nd7 16. Nd5 Bxd5 17. Qxd5 Nb6 18. Qc6 Bd8 19. e5 d5 20. Be3 Rb8 21. Bc5
Qe6 22. Qxe6 fxe6 23. Bxf8 Kxf8 24. Nd4 Kf7 25. Nc6 Ra8 26. Nxd8+ Rxd8 27. Ra1
d4 28. Red1 c5 29. Rxa6 1-0

[Event "OLNW 2122 SVG Salzgitter - Delmenhorste"]
[Site "?"]
[Date "2021.11.21"]
[Round "3.8"]
[White "Koschetzki, Christian"]
[Black "Sinnhoefer, Jonas"]
[Result "1/2-1/2"]
[WhiteElo "1953"]
[BlackElo "1909"]
[PlyCount "71"]
[EventDate "2021.??.??"]

1. c4 Nf6 2. Nf3 g6 3. g3 Bg7 4. Bg2 c6 5. O-O O-O 6. d4 d5 7. Nbd2 Bf5 8. b3
Ne4 9. Bb2 Qa5 10. Nxe4 Bxe4 11. Ne5 Bxg2 12. Kxg2 f6 13. Nf3 Nd7 14. Qc2 e5
15. cxd5 cxd5 16. Qd2 Qxd2 17. Nxd2 Rac8 18. Rac1 e4 19. Ba3 Rfe8 20. e3 Kf7
21. Nb1 Bf8 22. Bxf8 Rxf8 23. Rfd1 Ke6 24. Kf1 g5 25. Nc3 f5 26. Ne2 a5 27. a4
Nb8 28. Rxc8 Rxc8 29. Rc1 Nc6 30. h3 Kd6 31. Ke1 b6 32. Kd2 Rf8 33. Rg1 Nb4 34.
h4 h6 35. hxg5 hxg5 36. Rh1 1/2-1/2

[Event "OLNW 2122 SK Union Oldenburg - SV Helle"]
[Site "?"]
[Date "2021.11.21"]
[Round "3.1"]
[White "Hoffmann, Alexander"]
[Black "Mueer, Sebastian"]
[Result "1-0"]
[WhiteElo "2400"]
[BlackElo "2238"]
[PlyCount "91"]
[EventDate "2021.??.??"]

1. c4 Nf6 2. g3 g6 3. b3 c5 4. Bg2 Bg7 5. Bb2 O-O 6. Nf3 d5 7. cxd5 Qxd5 8. Nc3
Qd8 9. Rc1 Nfd7 10. O-O Nc6 11. Na4 Bxb2 12. Nxb2 Rb8 13. d4 b6 14. Na4 Nxd4
15. Nxd4 cxd4 16. Qxd4 b5 17. Nc3 b4 18. Nd5 a5 19. Rfd1 e6 20. Ne3 Qb6 21. Qh4
Ne5 22. Qf6 Nd7 23. Qe7 Ne5 24. Rd6 Qb5 25. Rd8 Rxd8 26. Qxd8+ Kg7 27. Rxc8
Rxc8 28. Qxc8 Qxe2 29. Qc2 Qe1+ 30. Nf1 Qa1 31. h3 f5 32. Kh2 Qd4 33. Qe2 Kf6
34. Ne3 Nd3 35. Bf1 Nb2 36. f4 h5 37. h4 a4 38. Nc2 Qc3 39. Nxb4 axb3 40. axb3
Qxb3 41. Qe5+ Kf7 42. Qc7+ Kg8 43. Nc6 Nd1 44. Ne7+ Kf8 45. Nxg6+ Kg8 46. Ne5
1-0

[Event "OLNW 2122 SK Union Oldenburg - SV Helle"]
[Site "?"]
[Date "2021.11.21"]
[Round "3.2"]
[White "Wittje, Berthold"]
[Black "Gronde, Ingo"]
[Result "1/2-1/2"]
[WhiteElo "2228"]
[BlackElo "2248"]
[PlyCount "71"]
[EventDate "2021.??.??"]

1. Nf3 Nf6 2. c4 g6 3. g3 Bg7 4. Bg2 O-O 5. d4 d6 6. Nc3 Nc6 7. O-O a6 8. b3
Rb8 9. Nd5 b5 10. Nxf6+ exf6 11. cxb5 axb5 12. d5 Ne7 13. Bb2 Bb7 14. Ne1 Ra8
15. Nc2 c5 16. dxc6 Bxc6 17. Bxc6 Nxc6 18. Nd4 Qb6 19. Nxc6 Qxc6 20. Qd3 Rfe8
21. Rfc1 Qe4 22. Qxe4 Rxe4 23. e3 f5 24. Bxg7 Kxg7 25. Rd1 Ra6 26. Rd2 Re7 27.
Rd4 Rc7 28. a4 bxa4 29. bxa4 Rc5 30. Kf1 Kf6 31. Ke2 Rc2+ 32. Rd2 Rc4 33. a5
Rc5 34. Rda2 h6 35. Kd3 Ke5 36. Ra4 1/2-1/2

[Event "OLNW 2122 SK Union Oldenburg - SV Helle"]
[Site "?"]
[Date "2021.11.21"]
[Round "3.3"]
[White "Lehmann, Holger"]
[Black "Bredemeier, Dirk"]
[Result "1/2-1/2"]
[WhiteElo "2154"]
[BlackElo "2238"]
[PlyCount "221"]
[EventDate "2021.??.??"]

1. d4 Nf6 2. c4 e6 3. Nc3 Bb4 4. a3 Bxc3+ 5. bxc3 Nc6 6. e3 b6 7. Bd3 Na5 8.
Nf3 Ba6 9. Qe2 d6 10. O-O Qe7 11. Rb1 e5 12. e4 O-O 13. Nh4 Qe6 14. Nf5 exd4
15. Nxd4 Qg4 16. f3 Qd7 17. Nf5 Ne8 18. f4 Kh8 19. Rf3 g6 20. Ne3 f5 21. exf5
gxf5 22. c5 Bxd3 23. Qxd3 Rd8 24. cxb6 Ng7 25. c4 c5 26. Bb2 Nc6 27. Rg3 Nd4
28. Bxd4 cxd4 29. Qxd4 axb6 30. Rxb6 Qa7 31. Nd5 Rb8 32. Rgb3 Rxb6 33. Qxb6 Qa4
34. Qb4 Qa7+ 35. Qb6 Qa4 36. Qb4 Qa7+ 37. Nb6 Qe7 38. Qd2 Qe4 39. h3 Re8 40. a4
Nh5 41. Qc3+ Kg8 42. Nd5 Qe2 43. Qf3 Qxc4 44. Rc3 Qd4+ 45. Kh2 Ng7 46. a5 Re1
47. Rc8+ Kf7 48. Rc7+ Kg8 49. Qc3 Qxc3 50. Nxc3 Ra1 51. Ra7 Ne6 52. Nb5 d5 53.
a6 d4 54. Ra8+ Kg7 55. Ra7+ Kf8 56. Rd7 Rxa6 57. Nxd4 Nxd4 58. Rxd4 Kg7 59. Kg3
Ra2 60. Rd3 Kg6 61. h4 Ra6 62. Kh3 h6 63. g3 Rb6 64. Rc3 h5 65. Rc5 Ra6 66. Rb5
Rc6 67. Rb8 Kg7 68. Ra8 Rb6 69. Rd8 Ra6 70. Kg2 Rb6 71. Kf2 Rb3 72. Re8 Ra3 73.
Re3 Ra2+ 74. Kf3 Rb2 75. Rd3 Ra2 76. Rc3 Kf6 77. Ke3 Ra4 78. Rc6+ Kg7 79. Rd6
Re4+ 80. Kd3 Ra4 81. Rc6 Rb4 82. Rc4 Rb3+ 83. Kd4 Rxg3 84. Ke5 Rg4 85. Rc7+ Kg6
86. Rc6+ Kg7 87. Kxf5 Rxh4 88. Rc7+ Kf8 89. Ke5 Rg4 90. Rh7 Rg7 91. Rh8+ Kf7
92. Rxh5 Rg6 93. Rh7+ Kf8 94. Ra7 Rb6 95. f5 Rc6 96. Kf4 Rb6 97. Kg5 Rc6 98.
Rh7 Kg8 99. Re7 Kf8 100. Re2 Kf7 101. Ra2 Rb6 102. Ra7+ Kf8 103. Rh7 Kg8 104.
Rh6 Rxh6 105. Kxh6 Kf7 106. Kg5 Kg7 107. f6+ Kf7 108. Kf5 Kf8 109. Ke6 Ke8 110.
f7+ Kf8 111. Kf6 1/2-1/2

[Event "OLNW 2122 SK Union Oldenburg - SV Helle"]
[Site "?"]
[Date "2021.11.21"]
[Round "3.4"]
[White "Meessen, Max"]
[Black "Stock, Joerg"]
[Result "1/2-1/2"]
[WhiteElo "2185"]
[BlackElo "2202"]
[PlyCount "48"]
[EventDate "2021.??.??"]

1. d4 Nf6 2. c4 e6 3. Nc3 Bb4 4. e3 O-O 5. Bd2 d5 6. Nf3 a6 7. cxd5 exd5 8. Bd3
Bg4 9. Qb3 Nc6 10. O-O Bd6 11. Kh1 Re8 12. Ng1 Be6 13. f3 b5 14. Rac1 Na5 15.
Qc2 Nc4 16. e4 dxe4 17. fxe4 Ng4 18. e5 Nxd2 19. Qxd2 Be7 20. d5 Bg5 21. Qe2
Bxc1 22. dxe6 Rxe6 23. Bf5 Rxe5 24. Qxg4 Qg5 {(=)} 1/2-1/2

[Event "OLNW 2122 SK Union Oldenburg - SV Helle"]
[Site "?"]
[Date "2021.11.21"]
[Round "3.5"]
[White "Lewin, Tammo"]
[Black "Wagner, Jan"]
[Result "0-1"]
[WhiteElo "2085"]
[BlackElo "2185"]
[PlyCount "106"]
[EventDate "2021.??.??"]

1. d4 g6 2. c4 Bg7 3. e4 Nc6 4. Ne2 e5 5. Be3 d6 6. d5 Nce7 7. Nbc3 f5 8. f3
Nf6 9. Qd2 fxe4 10. Nxe4 Nf5 11. Bg5 h6 12. Bxf6 Bxf6 13. Nxf6+ Qxf6 14. O-O-O
O-O 15. Nc3 Qg7 16. Bd3 a6 17. Bxf5 Bxf5 18. g4 Bd7 19. Rhf1 Rf4 20. Qd3 b5 21.
cxb5 axb5 22. Kb1 b4 23. Ne2 Rff8 24. h3 Ra5 25. Rf2 Qf7 26. Nc1 Kg7 27. Qc4
Rc5 28. Qxb4 Rxd5 29. Rxd5 Qxd5 30. Qc3 c5 31. f4 Qe4+ 32. Qd3 Qxd3+ 33. Nxd3
c4 34. Ne1 Rxf4 35. Rxf4 exf4 36. Kc2 Bc6 37. Kd2 Kf6 38. Nc2 Ke5 39. Nb4 Bg2
40. h4 g5 41. hxg5 hxg5 42. Ke2 Kd4 43. Na6 Bb7 44. Nc7 Bc8 45. Kf3 Bd7 46. Na6
Kd3 47. Nb4+ Kd2 48. Ke4 Bxg4 49. Nd5 Bh3 50. Kf3 Kc2 51. a4 Kxb2 52. a5 c3 53.
Nb4 Bf1 0-1

[Event "OLNW 2122 SK Union Oldenburg - SV Helle"]
[Site "?"]
[Date "2021.11.21"]
[Round "3.6"]
[White "Schuette, Marc"]
[Black "Bade, Hans-Juergen"]
[Result "1/2-1/2"]
[WhiteElo "2116"]
[BlackElo "1973"]
[PlyCount "35"]
[EventDate "2021.??.??"]

1. e4 e6 2. d4 d5 3. Nd2 dxe4 4. Nxe4 Bd7 5. Nf3 Bc6 6. Bd3 Nd7 7. Qe2 Ngf6 8.
Bg5 Be7 9. Nc3 a6 10. O-O O-O 11. Rad1 Nd5 12. Qe4 N5f6 13. Qh4 Bxf3 14. gxf3
g6 15. Rfe1 Re8 16. Ne4 Nh5 17. Bxe7 Qxe7 18. Qxe7 1/2-1/2

[Event "OLNW 2122 SK Union Oldenburg - SV Helle"]
[Site "?"]
[Date "2021.11.21"]
[Round "3.8"]
[White "Heyne, Lukas"]
[Black "Kleemann, Philipp"]
[Result "1-0"]
[WhiteElo "2088"]
[BlackElo "1440"]
[PlyCount "87"]
[EventDate "2021.??.??"]

1. d4 Nf6 2. Bf4 d5 3. e3 Bf5 4. Nf3 Nbd7 5. c4 e6 6. Nc3 Bb4 7. Qb3 a5 8. a3
Bxc3+ 9. bxc3 b6 10. cxd5 Nxd5 11. Bg5 f6 12. Bh4 O-O 13. Nd2 a4 14. Qb2 Bg6
15. Bc4 Re8 16. Bg3 c5 17. e4 Nc7 18. O-O Ra5 19. Rad1 cxd4 20. cxd4 b5 21. Ba2
Re7 22. d5 Ne5 23. Bxe5 fxe5 24. d6 Qxd6 25. Nc4 Qxd1 26. Rxd1 bxc4 27. Qb4 Nd5
28. Qxa5 Bxe4 29. Bxc4 Nf4 30. Qd8+ Kf7 31. Rd7 Ng6 32. f3 Bd5 33. Bxd5 exd5
34. Rxd5 Ke6 35. Qg8+ Kf5 36. Qxh7 Rc7 37. Qh5+ Kf6 38. Rd6+ Ke7 39. Qxg6 Rc1+
40. Kf2 Ra1 41. Re6+ Kd8 42. Rd6+ Ke7 43. Qe6+ Kf8 44. Rd8# 1-0

[Event "OLNW 2122 SK Nordhorn Blanke - HSK List"]
[Site "?"]
[Date "2021.11.21"]
[Round "3.1"]
[White "Schneider, Ilja"]
[Black "Kroeze, Frank"]
[Result "0-1"]
[WhiteElo "2486"]
[BlackElo "2380"]
[PlyCount "48"]
[EventDate "2021.??.??"]

1. e4 c6 2. d4 d5 3. exd5 cxd5 4. c4 Nf6 5. Nc3 Nc6 6. Nf3 Bg4 7. Bg5 e6 8.
cxd5 exd5 9. Qe2+ Be7 10. Bxf6 gxf6 11. Qb5 O-O 12. Qxd5 Nb4 13. Qxd8 Rfxd8 14.
O-O-O Rac8 15. a3 Nd5 16. Kd2 Nxc3 17. bxc3 Bxa3 18. Rb1 Rc7 19. Bd3 Bf8 20. h3
Bh6+ 21. Kc2 Be6 22. Be4 Rdc8 23. Rxb7 Rxb7 24. Bxb7 Bf5+ 0-1

[Event "OLNW 2122 SK Nordhorn Blanke - HSK List"]
[Site "?"]
[Date "2021.11.21"]
[Round "3.2"]
[White "Ten Vergert, Paul"]
[Black "Abel, Dennes"]
[Result "0-1"]
[WhiteElo "2224"]
[BlackElo "2437"]
[PlyCount "116"]
[EventDate "2021.??.??"]

1. e4 c6 2. d4 d5 3. Nc3 dxe4 4. Nxe4 Bf5 5. Ng3 Bg6 6. h4 h6 7. Nf3 Nd7 8. h5
Bh7 9. Bd3 Bxd3 10. Qxd3 e6 11. Bf4 Qa5+ 12. Bd2 Bb4 13. Ne4 Ngf6 14. Nd6+ Ke7
15. Nc4 Bxd2+ 16. Qxd2 Qxd2+ 17. Ncxd2 c5 18. O-O-O Rac8 19. Rh4 c4 20. c3 b5
21. Ne4 Rhd8 22. Ne5 Nb6 23. Kc2 Rd5 24. a3 Nbd7 25. Nxf6 gxf6 26. Nxd7 Kxd7
27. Kd2 Rg8 28. g4 f5 29. f3 fxg4 30. Rxg4 Rgg5 31. Ke3 Rxh5 32. Rg8 Ke7 33.
Ra8 Rd7 34. Rd2 Kf6 35. a4 Rc7 36. a5 Rd7 37. Rb8 Rd6 38. Rb7 Ra6 39. d5 Re5+
40. Kf4 Rf5+ 41. Ke4 Re5+ 42. Kf4 Rxd5 43. Rxd5 exd5 44. Rxb5 Ke6 45. Ke3 h5
46. Kf4 f6 47. Kg3 Kd6 48. Kh4 Kc6 49. Rb8 Rxa5 50. Rf8 Rb5 51. Rxf6+ Kc5 52.
f4 Rxb2 53. Ra6 Rb3 54. Ra5+ Kb6 55. Rxd5 Rxc3 56. Kxh5 Rd3 57. Re5 c3 58. Re8
Rd5+ 0-1

[Event "OLNW 2122 SK Nordhorn Blanke - HSK List"]
[Site "?"]
[Date "2021.11.21"]
[Round "3.3"]
[White "Walter, Stefan"]
[Black "Lambrechts, Koen"]
[Result "1-0"]
[WhiteElo "2382"]
[BlackElo "2352"]
[PlyCount "71"]
[EventDate "2021.??.??"]

1. d4 e6 2. Nf3 f5 3. Bf4 Nf6 4. e3 b6 5. Be2 Bb4+ 6. c3 Be7 7. h3 Bb7 8. O-O
O-O 9. c4 Ne4 10. Nfd2 a5 11. Nxe4 fxe4 12. Nc3 Na6 13. Rc1 Bh4 14. Qc2 c5 15.
Bd6 cxd4 16. exd4 e3 17. f3 Nb4 18. Qd1 Qg5 19. a3 Nc6 20. Ne4 Qg6 21. Qd3 Ne7
22. Bxe7 Bxe7 23. Qxe3 d5 24. cxd5 exd5 25. Rc7 dxe4 26. Rxe7 exf3 27. Bxf3
Bxf3 28. Rxf3 Rxf3 29. Qxf3 Rf8 30. Qd5+ Kh8 31. Qe5 h6 32. d5 Kh7 33. d6 Qb1+
34. Kh2 Qg6 35. d7 Rf2 36. Rxg7+ 1-0

[Event "OLNW 2122 SK Nordhorn Blanke - HSK List"]
[Site "?"]
[Date "2021.11.21"]
[Round "3.4"]
[White "Elgersma, Onno"]
[Black "Hampel, Felix"]
[Result "0-1"]
[WhiteElo "2263"]
[BlackElo "2315"]
[PlyCount "128"]
[EventDate "2021.??.??"]

1. d4 d5 2. Nf3 Nf6 3. c4 c6 4. e3 Bf5 5. Bd3 Bxd3 6. Qxd3 e6 7. O-O Nbd7 8.
Nbd2 Bd6 9. b3 O-O 10. Bb2 Qe7 11. Rad1 Rfd8 12. e4 dxe4 13. Nxe4 Nxe4 14. Qxe4
Nf6 15. Qh4 Ba3 16. Ba1 c5 17. d5 Nxd5 18. cxd5 Qxh4 19. Nxh4 exd5 20. Nf3 Rac8
21. Ne1 Bb4 22. Nc2 Ba5 23. b4 cxb4 24. Ne3 f6 25. Rd3 Bb6 26. Bd4 Bc5 27. Rfd1
a5 28. Bxc5 Rxc5 29. Kf1 Kf7 30. Rxd5 Rdxd5 31. Rxd5 Rc1+ 32. Ke2 b6 33. Rd1
Rc3 34. Rd7+ Ke6 35. Rb7 Ra3 36. Rxb6+ Kd7 37. f4 Rxa2+ 38. Kd3 Kc7 39. Nd5+
Kd7 40. Ne3 Kc7 41. Rb5 Kc6 42. Rb8 Kc5 43. Rg8 g6 44. Rg7 a4 45. Rxh7 Ra3+ 46.
Kd2 Ra2+ 47. Kc1 b3 48. Rb7 Re2 49. Nd1 Rxg2 50. h4 Rh2 51. Rc7+ Kb4 52. Rb7+
Ka3 53. Kb1 Rxh4 54. f5 gxf5 55. Kc1 Rh1 56. Kd2 Rxd1+ 57. Kxd1 Ka2 58. Kc1 a3
59. Rb4 f4 60. Rb5 f3 61. Kd1 b2 62. Kc2 f2 63. Rf5 b1=Q+ 64. Kd2 Qxf5 0-1

[Event "OLNW 2122 SK Nordhorn Blanke - HSK List"]
[Site "?"]
[Date "2021.11.21"]
[Round "3.5"]
[White "Voege, Tobias"]
[Black "Elgersma, Simon"]
[Result "0-1"]
[WhiteElo "2301"]
[BlackElo "2197"]
[PlyCount "80"]
[EventDate "2021.??.??"]

1. d4 d5 2. c4 e6 3. Nc3 a6 4. cxd5 exd5 5. Nf3 h6 6. Bf4 Nf6 7. e3 Bd6 8. Bg3
O-O 9. Bd3 Re8 10. Qc2 b6 11. Ne5 Bb7 12. O-O Nbd7 13. f4 c5 14. Bh4 Be7 15.
Rf3 Nf8 16. g4 cxd4 17. exd4 Ne4 18. Bxe7 Rxe7 19. Bf1 Ne6 20. Ne2 Rc7 21. Qd1
Rac8 22. f5 N6g5 23. Rb3 Rc2 24. Rc1 Rxc1 25. Nxc1 Nd6 26. Rc3 Rxc3 27. bxc3
Nge4 28. Qe1 Qg5 29. Ncd3 Nxf5 30. Nf2 Nh4 31. Nxe4 dxe4 32. Bc4 e3 33. Bxf7+
Kh7 34. Qb1+ g6 35. Qxb6 Nf3+ 36. Kg2 Nxe5+ 37. Qxb7 Qxg4+ 38. Kh1 Qd1+ 39. Kg2
Qe2+ 40. Kg3 Qg4# 0-1

[Event "OLNW 2122 SK Nordhorn Blanke - HSK List"]
[Site "?"]
[Date "2021.11.21"]
[Round "3.6"]
[White "Bertholee, Rob"]
[Black "Buchenau, Frank"]
[Result "1-0"]
[WhiteElo "2317"]
[BlackElo "2274"]
[PlyCount "101"]
[EventDate "2021.??.??"]

1. e4 e6 2. d4 d5 3. Nd2 c5 4. Ngf3 cxd4 5. exd5 Qxd5 6. Bc4 Qd6 7. O-O Nf6 8.
Nb3 Nc6 9. Nbxd4 Nxd4 10. Qxd4 Qxd4 11. Nxd4 Bc5 12. Nb3 Be7 13. Be2 O-O 14.
Bf3 Rd8 15. Na5 Rd7 16. Bf4 Bb4 17. Nb3 Kf8 18. c4 Bd6 19. Bxd6+ Rxd6 20. Rfd1
Ke7 21. Na5 Rb8 22. c5 Rxd1+ 23. Rxd1 e5 24. Re1 Ke6 25. b4 Ne8 26. Rd1 f5 27.
Bd5+ Kf6 28. b5 Nc7 29. Bc4 b6 30. Rd6+ Kg5 31. Nc6 Ra8 32. Nxa7 Rxa7 33. cxb6
Ra4 34. Rc6 Na8 35. Bb3 Rb4 36. Rxc8 Nxb6 37. Rc5 e4 38. Kf1 Na4 39. Rc4 Rxc4
40. Bxc4 f4 41. Bb3 Nc5 42. Bc2 Kf6 43. a4 Ke5 44. a5 g5 45. a6 Nd7 46. f3 exf3
47. gxf3 Kd4 48. Be4 Kc5 49. a7 Nb6 50. Bc6 h5 51. h4 1-0

[Event "OLNW 2122 SK Nordhorn Blanke - HSK List"]
[Site "?"]
[Date "2021.11.21"]
[Round "3.7"]
[White "Hoerstmann, Rudi"]
[Black "Stotyn, Fabian"]
[Result "1-0"]
[WhiteElo "2223"]
[BlackElo "2166"]
[PlyCount "105"]
[EventDate "2021.??.??"]

1. d4 Nf6 2. c4 c5 3. d5 b5 4. cxb5 a6 5. bxa6 Bxa6 6. Nc3 g6 7. Nf3 Bg7 8. e4
Bxf1 9. Kxf1 d6 10. g3 O-O 11. Kg2 Nbd7 12. a4 Qb6 13. Qc2 Rfb8 14. Ra3 Qb4 15.
Re1 Ng4 16. Nd2 Bd4 17. Rb3 Qa5 18. f3 Ngf6 19. Nc4 Qa6 20. Rxb8+ Rxb8 21. b3
Ne8 22. Nb5 Bg7 23. Bg5 Kf8 24. Bd2 Ne5 25. Na5 Rc8 26. f4 Nd7 27. Nc4 Nb6 28.
Bc3 Nxc4 29. bxc4 Ra8 30. Ra1 Kg8 31. e5 Qc8 32. a5 Ra6 33. Re1 Qd8 34. Qa4 Qd7
35. Qc2 Qd8 36. Re2 Ra8 37. Re3 Ra6 38. Re2 Ra8 39. Qe4 Nc7 40. h4 Na6 41. f5
Nb4 42. f6 exf6 43. exd6 f5 44. Qe7 Bxc3 45. Nxc3 Qxa5 46. Qf6 Rf8 47. d7 Qa8
48. Re7 Qd8 49. Nb5 Nd3 50. Nd6 Qa5 51. Re2 f4 52. Ne8 f3+ 53. Kh3 1-0

[Event "OLNW 2122 SK Nordhorn Blanke - HSK List"]
[Site "?"]
[Date "2021.11.21"]
[Round "3.8"]
[White "Bierenbroodspot, Paul"]
[Black "Hoerstmann, Martin"]
[Result "0-1"]
[WhiteElo "2092"]
[BlackElo "2203"]
[PlyCount "124"]
[EventDate "2021.??.??"]

1. e4 g6 2. d4 Bg7 3. c3 d6 4. Bd3 Nf6 5. Be3 e5 6. f3 O-O 7. Ne2 Nc6 8. d5 Ne7
9. b4 c6 10. dxc6 Nxc6 11. b5 Ne7 12. c4 d5 13. Nd2 d4 14. Bf2 Be6 15. O-O Nd7
16. Nb3 b6 17. f4 f6 18. Rc1 Kh8 19. Be1 a5 20. bxa6 Nc5 21. Nxc5 bxc5 22. Rb1
Rxa6 23. Qb3 Qa8 24. Qb7 Nc6 25. f5 Bg8 26. Nc1 Ra3 27. Qxa8 Rfxa8 28. Rb5 Rxd3
29. Nxd3 Bxc4 30. Rb3 Rxa2 31. Nxc5 Bxb3 32. Nxb3 gxf5 33. Rxf5 Re2 34. Kf1
Rxe4 35. Nc5 Rg4 36. h3 Rg5 37. Rf3 Ne7 38. g4 h5 39. gxh5 Rxh5 40. Ke2 f5 41.
Ne6 e4 42. Rg3 Be5 43. Ra3 Ng6 44. Ra8+ Kh7 45. Ra7+ Kg8 46. Ra8+ Kf7 47. Nd8+
Ke7 48. Bb4+ Kd7 49. Nf7 Ke6 50. Nd8+ Kd7 51. Nf7 d3+ 52. Kf2 Rxh3 53. Ra7+ Kc8
54. Ra6 Rf3+ 55. Ke1 Bg3+ 56. Kd2 Ne5 57. Nd6+ Kd7 58. Ra7+ Kc6 59. Ra6+ Kc7
60. Ra7+ Kb6 61. Nc8+ Kb5 62. Rb7+ Kc6 0-1

[Event "OLNW 2122 SV Werder Bremen III - SF Han"]
[Site "?"]
[Date "2021.11.21"]
[Round "3.1"]
[White "Pubantz, Jan"]
[Black "Lichmann, Peter"]
[Result "1-0"]
[WhiteElo "2284"]
[BlackElo "2334"]
[PlyCount "95"]
[EventDate "2021.??.??"]

1. d4 Nf6 2. c4 g6 3. Nc3 Bg7 4. e4 d6 5. Be2 O-O 6. Nf3 e5 7. dxe5 dxe5 8.
Qxd8 Rxd8 9. Bg5 Re8 10. Nd5 Nxd5 11. cxd5 c6 12. Bc4 b5 13. Bb3 Bb7 14. Rc1
Rc8 15. Be3 h6 16. Ke2 Nd7 17. dxc6 Bxc6 18. Rhd1 Nb6 19. Bxb6 axb6 20. Bd5
Bxd5 21. Rxc8+ Rxc8 22. Rxd5 Rc2+ 23. Rd2 Rc4 24. Rd8+ Kh7 25. Kd3 f5 26. Nd2
Ra4 27. Rd5 b4 28. Rb5 Bf8 29. Rxb6 Rxa2 30. Rb7+ Kg8 31. Nc4 Bc5 32. f3 Bd4
33. Rxb4 Ra1 34. exf5 gxf5 35. f4 Rd1+ 36. Ke2 Rg1 37. fxe5 Rxg2+ 38. Kd3 Bc5
39. Rb5 Be7 40. Ne3 Rxh2 41. Nxf5 Bg5 42. e6 Rd2+ 43. Kc4 Bf4 44. Rb7 Re2 45.
Ne7+ Kf8 46. Ng6+ Ke8 47. Re7+ Kd8 48. Rd7+ 1-0

[Event "OLNW 2122 SV Werder Bremen III - SF Han"]
[Site "?"]
[Date "2021.11.21"]
[Round "3.2"]
[White "Kardoeus, David"]
[Black "von Mettenheim, Johannes"]
[Result "0-1"]
[WhiteElo "2189"]
[BlackElo "2070"]
[PlyCount "94"]
[EventDate "2021.??.??"]

1. e4 c6 2. d4 d5 3. e5 c5 4. dxc5 e6 5. a3 Bxc5 6. b4 Bb6 7. Qg4 Ne7 8. Qxg7
Rg8 9. Qxh7 Bd4 10. Ra2 Bxe5 11. c4 Nbc6 12. Nf3 Bf6 13. h4 e5 14. Ng5 Rg7 15.
Qh5 Bf5 16. Nc3 e4 17. Qh8+ Kd7 18. Qxd8+ Rxd8 19. Nxd5 Nxd5 20. cxd5 Nd4 21.
Be2 Rh8 22. Rh3 Bxh3 23. Nxe4 Bxh4 24. Bb2 Rxg2 25. Bxd4 Rc8 26. Bb5+ Kd8 27.
Bxa7 Bd7 28. Bd3 Bg4 29. Bc5 Rg1+ 30. Kd2 Rd1+ 31. Ke3 f5 32. Nd6 Bg5+ 33. f4
Re1+ 34. Kd2 Rd1+ 35. Kc2 Bxf4 36. Nxc8 Rd2+ 37. Kb3 Rxd3+ 38. Kc4 Rd1 39. Nd6
Bf3 40. Nxb7+ Kc7 41. d6+ Kxb7 42. Rf2 Bd5+ 43. Kb5 Bc6+ 44. Kc4 Rc1+ 45. Kb3
Be5 46. Rxf5 Rc3+ 47. Kb2 Rxc5+ 0-1

[Event "OLNW 2122 SV Werder Bremen III - SF Han"]
[Site "?"]
[Date "2021.11.21"]
[Round "3.4"]
[White "Bach, Matthias"]
[Black "Herrmann, Andreas"]
[Result "1-0"]
[WhiteElo "2236"]
[BlackElo "2126"]
[PlyCount "71"]
[EventDate "2021.??.??"]

1. d4 Nf6 2. c4 c5 3. d5 e5 4. Nc3 d6 5. e4 Be7 6. g3 Na6 7. Bg2 Nc7 8. Nge2 a6
9. a4 Rb8 10. O-O b5 11. b3 O-O 12. Qd3 bxc4 13. bxc4 Bd7 14. a5 h6 15. Bd2 Nh7
16. Rfb1 Bg5 17. Rb6 Bxd2 18. Qxd2 Qe7 19. Rab1 Rbe8 20. Rb7 Bc8 21. Ra7 Qd8
22. Rb8 Re7 23. Na4 Nxd5 24. Raa8 Qd7 25. exd5 Bb7 26. Be4 Rxb8 27. Rxb8+ Nf8
28. Qc2 g6 29. Nxc5 dxc5 30. Rxb7 Qxb7 31. d6 Qd7 32. dxe7 Qxe7 33. Bd5 Kg7 34.
Qb2 Nd7 35. Qb7 Qd6 36. Nc3 1-0

[Event "OLNW 2122 SV Werder Bremen III - SF Han"]
[Site "?"]
[Date "2021.11.21"]
[Round "3.5"]
[White "Ploog, Martin"]
[Black "Buchal, Stephan"]
[Result "1/2-1/2"]
[WhiteElo "2051"]
[BlackElo "2237"]
[PlyCount "82"]
[EventDate "2021.??.??"]

1. e4 g6 2. d4 Bg7 3. Nc3 d6 4. Be3 a6 5. Qd2 b5 6. O-O-O Bb7 7. f3 Nd7 8. h4
h5 9. Nh3 c6 10. Ng5 Qc7 11. Kb1 Ngf6 12. Bd3 c5 13. dxc5 dxc5 14. Nd5 Nxd5 15.
exd5 Nb6 16. Bf4 Qd7 17. d6 e5 18. Rhe1 O-O 19. Bxe5 Bxe5 20. Rxe5 Qxd6 21.
Ree1 Rad8 22. Qc1 Qg3 23. Be4 Rxd1 24. Rxd1 Bc8 25. Qe3 Qe5 26. Qc1 Nc4 27. f4
Qf6 28. Bd5 Bg4 29. Bxc4 bxc4 30. Re1 Rb8 31. c3 a5 32. Qe3 Qb6 33. Qd2 a4 34.
a3 Rd8 35. Qe3 Qb3 36. Qe7 Bf5+ 37. Ne4 Rd1+ 38. Rxd1 Qxd1+ 39. Ka2 Qb3+ 40.
Ka1 Qd1+ 41. Ka2 Qb3+ 1/2-1/2